Представление документа в формате RUSMARC

ПолеНазваниеЗначение
  Тип записи a
  Библиографический уровень m
001 Контрольный номер RuMoRGB-006673303
005 Дата корректировки 20240410121220.1
010 Индекс ISBN __
a ISBN 978-5-699-60915-4 (в пер.)
d Цена 104-58
100 Данные общей обработки __
a Данные общей обработки 19130912d2013||||||| 1rusy0189 ca
101 Язык документа 0_
a Язык текста rus
102 Страна публикации __
a Страна публикации ru|
105 Кодированные данные (монография) __
a Кодированные данные (монография) y|||zzzz000zy
200 Заглавие и сведения об ответственности 1_
a Заглавие Экзотические птицы. Яркое царство пернатых
e Сведения, относящиеся к заглавию [впечатляющие крылья, клювы и перья, причудливые постройки, необычайные таланты и способности : для среднего и старшего школьного возраста : 6+]
f Первые сведения об ответственности Ю. К. Школьник ; [под редакцией В. А. Мешик ; иллюстрации автора]
b Общее обозначение материала Текст
210 Выходные данные 1_
a Место издания Москва
c Издательство Эксмо
d Дата издания 2013
215 Физическое описание __
a Объем 63 с.
c Иллюстрации/тип воспроизводства цв. ил., табл.
d Формат 24 см
225 Серия 2_
a Серия Популярная научно-практическая энциклопедия современных знаний
300 Общие примечания __
a Общие примечания 15000 экз.
300 Общие примечания __
a Общие примечания На обложке: рекомендовано для школьников
330 Аннотация __
a Аннотация Книга "Экзотические птицы. Яркое царство пернатых" – это парад самых необычных птиц мира. На страницах книги можно узнать о птицах, живущих среди льдов, об обитателях жарких джунглей, засушливых пустынь, пещер, об удивительных способностях пернатых, о чудесах птичьего зодчества, о прекраснейших перьях и райских голосах. Эта прекрасно иллюстрированная книга подарит сотни открытий. Она будет полезна школьникам в изучении предметов "Окружающий мир" и "Биология".
333 Примечание о целевом назначении __
a Примечание о целевом назначении 6+. Для детей старше шести лет
517 Другие варианты заглавия 1_
a Другие варианты заглавия Яркое царство пернатых
606 Тематические рубрики __
a Основная рубрика Биология
606 Тематические рубрики __
a Основная рубрика Систематика позвоночных
610 Ключевые слова 0_
a Ключевые слова альбатросы
a Ключевые слова детская литература
a Ключевые слова канарейки
a Ключевые слова клювы
a Ключевые слова колибри
a Ключевые слова крылья
a Ключевые слова окружающая среда
a Ключевые слова пеликаны
a Ключевые слова перья
a Ключевые слова поведение птиц
a Ключевые слова познавательная литература
a Ключевые слова попугаи
a Ключевые слова птицы
a Ключевые слова развивающая литература
a Ключевые слова страусы
a Ключевые слова фазаны
a Ключевые слова экзотические птицы
686 Индексы других классификаций __
2 Код системы rubbks
a Классификационный индекс ст28.693.35я2
700 Автор _1
a Фамилия Школьник
b Имя Ю. К.
g Полное личное имя Юлия Константиновна
4 Код отношения 070
4 Код отношения 440
702 Вторичная интеллектуальная ответственность _1
a Фамилия Мешик
b Имя В. А.
4 Код отношения Редактор
g Полное личное имя Варвара Александровна
4 Код отношения 340
801 Источник записи _0
a Страна ru
b Организация Муниципальное бюджетное учреждение культуры "Централизованная библиотечная система" г. Сургут (Центральная городская библиотека им. А. С. Пушкина)
c Дата составления 20130912
g Правила каталогизации КиК/Коробейникова
801 Источник записи _1
a Страна ru
b Организация Муниципальное бюджетное учреждение культуры "Централизованная библиотечная система" г. Сургут (Центральная городская библиотека им. А. С. Пушкина)
c Дата составления 20130912
g Правила каталогизации КиК/Коробейникова
852 Данные о местонахождении __
j Шифр хранения ст28.693.35я2
i Авторский знак Ш 67
901 Тип документа 1_
t Тип документа m
903 Характеристики (МАРС) __
a Дата передачи 20140722
969 Тип издания __
a Тип издания энциклопедия; издание для детей; справочное издание
990 Данные о заказе (DOS) __
j Количество экземпляров (DOS) 12
t N записи в КСУ для И/У (DOS) 201408